| 000 | 00688nam a2200229Ia 4500 | ||
|---|---|---|---|
| 003 | OSt | ||
| 005 | 20220926033133.0 | ||
| 006 | a|||||r|||| 00| 0 | ||
| 007 | ta | ||
| 008 | 220923b |||||||| |||| 00| 0 eng d | ||
| 037 | _cGeneral Book | ||
| 040 |
_aRTL _cRTL _beng |
||
| 041 |
_2eng _aeng |
||
| 082 | _aX6213.212.N79<N66r, K6 | ||
| 110 |
_aSTATE BANK OF TRAVANCORE _9338528 |
||
| 245 | 0 | _aReport of the board of directors for the year,1966. | |
| 260 |
_aTrivandrum _bState bnak of Trivandrum _c1966 |
||
| 300 |
_a16p. _ccm. |
||
| 700 |
_aSTATE BANK OF TRAVANCORE _9338529 |
||
| 942 |
_hX6213.212.N79<N66r, K6 _cGB _2CC |
||
| 999 |
_c656296 _d656296 |
||